000 00686nam a2200193 a 4500
001 000354999
003 AM-YeHGA
005 20250618075726.0
008 040727s1898 ai 000 | arm d
040 _aAM-YeHGA
041 0 _aarm
100 1 _aՏաղավարյան, Նազարեթ Նահապետի,
_d1862-1915
_9806
245 1 0 _aԳրիգոր Աղաթոն :
_bԾագում եւ կենսագրութիւն /
_cԳրեց՝ Ընտանեաց բարեկամ մը (Ն. Տաղաւարեան).
260 _aՎենետիկ :
_bՍ. Ղազար,
_c1898.
300 _a76 էջ
_b1 թ. դիմանկ. ;
_c17 սմ.
600 0 4 _aԳրիգոր Աղաթոն
942 _2udc
_cBK
090 _c493116
999 _c489745
_d489745